| 000 | 00759cam a2200289 4500500 | ||
|---|---|---|---|
| 005 | 20260329004939.0 | ||
| 041 | _afre | ||
| 042 | _adc | ||
| 100 | 1 | 0 |
_aPerragin, Charles _eauthor |
| 245 | 0 | 0 | _aLignes de faille |
| 260 | _c2021. | ||
| 500 | _a3 | ||
| 690 | _aAdaptation | ||
| 690 | _aCovid-19 | ||
| 690 | _aCrise | ||
| 690 | _aDavid Chavalarias | ||
| 690 | _aDette | ||
| 690 | _aÉconomie | ||
| 690 | _aEntreprise | ||
| 690 | _aÉtat | ||
| 690 | _aFragilité | ||
| 690 | _aMarc Dufumier | ||
| 690 | _aPandémie | ||
| 690 | _aSystème | ||
| 786 | 0 | _nPhilosophie magazine | 152 | 9 | 2021-09-01 | p. 32-33 | 1951-1787 | |
| 856 | 4 | 1 | _uhttps://shs.cairn.info/magazine-philosophie-magazine-2021-9-page-32?lang=fr&redirect-ssocas=7080 |
| 999 |
_c1838820 _d1838820 |
||